Sports Quiz

Random Sports Quiz
Score 0/20 Timer 03:00
0 Plays Today
how many points player name % Correct
100wilt chamberlain
97.8%
69michael jordan
97.8%
81kobe bryant
95.6%
71david robinson
77.8%
60larry bird
77.8%
63jerry west
66.7%
71elgin baylor
64.4%
60allen iverson
62.2%
61shaquile oneal
60%
63george gervin
53.3%
how many points player name % Correct
73david thompson
53.3%
61karl malone
51.1%
68pete maravich
48.9%
63tracy mcgrady
42.2%
60bernard king
42.2%
64rick barry
37.8%
60gilbert arenas
31.1%
61george mikan
28.9%
60tom chambers
15.6%
63joe fulks
6.7%
Remove Ads.
Support Sporcle.
Get the best of Sporcle when you Go Orange. This ad-free experience offers more features, more stats, and more fun while also helping to support Sporcle. Thank you for becoming a member.

You're not logged in!

Compare scores with friends on all Sporcle quizzes.
OR
Log In

Show Comments

Extras

Created Jul 25, 2012ReportNominate
Tags:Player, point

Top Quizzes Today


Score Distribution

Your Account Isn't Verified!

In order to create a playlist on Sporcle, you need to verify the email address you used during registration. Go to your Sporcle Settings to finish the process.

Report this User

Report this user for behavior that violates our Community Guidelines.

Details: